Peppa Pig and the treasure hunt.
Available copies
- 1 of 1 copy available at LARL/NWRL Consortium.
- 1 of 1 copy available at Northwest Regional Library. (Show preferred library)
Current holds
0 current holds with 1 total copy.
Show Only Available Copies
| Location | Call Number / Copy Notes | Barcode | Shelving Location | Status | Due Date |
|---|---|---|---|---|---|
| Greenbush Public Library | e AST (Text) | 35500006845745 | Main | Available | - |
Record details
- ISBN: 9780763677039
- ISBN: 0763677035
- Physical Description: 1 volume (unpaged) : color illustrations ; 25 x 30 ... Read More
- Edition: First edition.
- Publisher: Somerville, Massachusetts : Candlewick Entertainment, an imprint of Candlewick Press, 2015.
Content descriptions
| General Note: | Based on the TV series Peppa Pig. Peppa Pig is created by Neville Astley and Mark Baker. |
| Summary, etc.: | "Join Peppa and George as they hunt for ... Read More |
Search for related items by subject
| Genre: | Fiction. Humorous fiction. Juvenile works. Picture books. Humorous fiction. Humorous fiction. |
Search for related items by series
| LDR | 04183cam a2200889 i 4500 | ||
|---|---|---|---|
| 001 | 455389 | ||
| 003 | LARL_NWRL_CONSORTIUM | ||
| 005 | 20250130143339.0 | ||
| 008 | 150310s2015 maua j 000 1 eng d | ||
| 010 | . | ‡a 2014939354 | |
| 040 | . | ‡aIMF ‡beng ‡erda ‡cIMF ‡dOCO ‡dOCP ‡dOCLCA ‡dYDXCP ‡dBTCTA ‡dBDX ‡dDYJ ‡dTXBXL ‡dOCLCF ‡dOCLCO ‡dT7L ‡dZHB ‡dOCLCO ‡dOCL ‡dOCLCO ‡dINR ‡dBELPL ‡dTXWAL ‡dGL3 ‡dDCB ‡dOCLCO ‡dMVI ‡dCHILD ‡dOCLCQ ‡dOCL ‡dOCLCO ‡dMDK ‡dBPLCP ‡dOCLCQ ‡dOCLCO ‡dOCLCA ‡dLKC ‡dOCLCO ‡dLMJ ‡dTL4 ‡dOCLCO ‡dZQP ‡dOCLCO ‡dOCLCA ‡dFDL ‡dOCLCO ‡dFBP ‡dOCLCO ‡dOCLCL ‡dOCLCQ ‡dIG# | |
| 019 | . | ‡a884480168 ‡a936157098 ‡a1004776207 ‡a1059152220 ‡a1255411410 ‡a1273605090 ‡a1305881873 | |
| 020 | . | ‡a9780763677039 | |
| 020 | . | ‡a0763677035 | |
| 024 | 3 | . | ‡a9780763677039 |
| 035 | . | ‡a(OCoLC)904603711 ‡z(OCoLC)884480168 ‡z(OCoLC)936157098 ‡z(OCoLC)1004776207 ‡z(OCoLC)1059152220 ‡z(OCoLC)1255411410 ‡z(OCoLC)1273605090 ‡z(OCoLC)1305881873 | |
| 082 | 0 | 4. | ‡a[E] |
| 245 | 0 | 0. | ‡aPeppa Pig and the treasure hunt. |
| 250 | . | ‡aFirst edition. | |
| 260 | . | ‡aSomerville, Massachusetts : ‡bCandlewick Entertainment, an imprint of Candlewick Press, ‡c2015. | |
| 300 | . | ‡a1 volume (unpaged) : ‡bcolor illustrations ; ‡c25 x 30 cm. | |
| 336 | . | ‡atext ‡btxt ‡2rdacontent | |
| 336 | . | ‡astill image ‡bsti ‡2rdacontent | |
| 337 | . | ‡aunmediated ‡bn ‡2rdamedia | |
| 338 | . | ‡avolume ‡bnc ‡2rdacarrier | |
| 490 | 0 | . | ‡aPeppa Pig |
| 500 | . | ‡aBased on the TV series Peppa Pig. Peppa Pig is created by Neville Astley and Mark Baker. | |
| 520 | . | ‡a"Join Peppa and George as they hunt for treasure!"--Page [4] cover. | |
| 600 | 0 | 0. | ‡aPeppa Pig ‡c(Fictitious character) ‡vJuvenile fiction. |
| 650 | 0. | ‡aSwine ‡vJuvenile fiction. ‡0(LARL_NWRL_CONSORTIUM)175370 | |
| 650 | 0. | ‡aTreasure troves ‡vJuvenile fiction. | |
| 650 | 0. | ‡aGrandparents ‡vJuvenile fiction. | |
| 650 | 0. | ‡aHumorous stories. ‡0(LARL_NWRL_CONSORTIUM)22555 | |
| 650 | 1. | ‡aPeppa Pig (Fictitious character) ‡vFiction. | |
| 650 | 1. | ‡aPigs ‡vFiction. | |
| 650 | 1. | ‡aBuried treasure ‡vFiction. | |
| 650 | 1. | ‡aHumorous stories. ‡0(LARL_NWRL_CONSORTIUM)22555 | |
| 650 | 7. | ‡aJUVENILE FICTION ‡xHumorous Stories. ‡2bisacsh | |
| 650 | 7. | ‡aJUVENILE FICTION ‡xMedia Tie-In. ‡2bisacsh | |
| 650 | 7. | ‡aJUVENILE FICTION ‡xSports & Recreation ‡xGames. ‡2bisacsh | |
| 600 | 0 | 7. | ‡aPeppa Pig ‡c(Fictitious character) ‡2fast |
| 650 | 7. | ‡aGrandparents. ‡2fast ‡0(LARL_NWRL_CONSORTIUM)21451 | |
| 650 | 7. | ‡aHumorous stories. ‡2fast ‡0(LARL_NWRL_CONSORTIUM)22555 | |
| 650 | 7. | ‡aSwine. ‡2fast ‡0(LARL_NWRL_CONSORTIUM)32269 | |
| 650 | 7. | ‡aTreasure troves. ‡2fast ‡0(LARL_NWRL_CONSORTIUM)32994 | |
| 655 | 7. | ‡aFiction. ‡2fast | |
| 655 | 7. | ‡aHumorous fiction. ‡2fast | |
| 655 | 7. | ‡aJuvenile works. ‡2fast | |
| 655 | 7. | ‡aPicture books. ‡2fast | |
| 655 | 7. | ‡aHumorous fiction. ‡2gsafd | |
| 655 | 7. | ‡aHumorous fiction. ‡2lcgft | |
| 700 | 1 | . | ‡aAstley, Neville. ‡0(LARL_NWRL_CONSORTIUM)220411 |
| 700 | 1 | . | ‡aBaker, Mark, ‡d1959- ‡0(LARL_NWRL_CONSORTIUM)220412 |
| 730 | 0 | . | ‡aPeppa Pig (Television program) |
| 901 | . | ‡a455389 ‡bAUTOGEN ‡c455389 ‡tbiblio | |

Add to basket
Permalink
Disable Highlighting